000 00956nam a2200265 i 4500
001 115290
003 ES-MaACL
005 20251122063122.0
007 t|
008 070228s1910 sp ||||1| spa d
080 _a821.134.2-32"18"
100 1 _aRodríguez Marín, Francisco,
_d1855-1943
_998634
245 1 0 _aAzar :
_bnovela /
_cpor Francisco Rodriguez Marín ; ilustraciones de Pedraza.
260 _aMadrid :
_bEl Cuento Semanal,
_c1910.
300 _a[20] p. :
_bil. col. y n. ;
_c26 cm.
490 1 _aEl cuento semanal ;
_v182
530 _aDisponible en formato digital.
597 _aEjemplar con todas las p. deterioradas.
700 0 _aPedraza
_c, ilustrador.
_989888
830 1 3 _aEl cuento semanal
_v182
_9185957
852 _aES-MaACL
_jG-4445(25)
856 _uhttps://archive.org/details/azarnovela00rodr/page/n3/mode/2up
_yVersión en línea
_zInternet Archive
942 _2udc
_cFOLLETOS
999 _c115290
_d115290